Loading...
| Literature - World Literature | 0 | 10 | 0 | 0 | 100 | 35 | 54.70 | 4 | 9 |
| Literature - European Literature | 0 | 7 | 1 | 1 | 65 | 46 | 67.14 | 5 | 6 |
| Painting/Sculpture | 0 | 6 | 0 | 1 | 60 | 23 | 61.50 | 3 | 5 |
| Mythology | 0 | 6 | 0 | 3 | 60 | 50 | 77.67 | 1 | 2 |
| Science - Physics | 0 | 6 | 1 | 2 | 55 | 52 | 74.17 | 0 | 4 |
| Literature - British Literature | 0 | 5 | 0 | 0 | 50 | 38 | 72.80 | 2 | 4 |
| Literature - American Literature | 0 | 6 | 2 | 1 | 50 | 58 | 77.50 | 3 | 5 |
| Religion | 0 | 4 | 1 | 1 | 35 | 29 | 74.25 | 3 | 4 |
| Science - Other Science | 0 | 3 | 0 | 0 | 30 | 23 | 40.33 | 2 | 3 |
| Science - Chemistry | 0 | 2 | 0 | 0 | 20 | 79 | 80.00 | 0 | 0 |
| Geography | 0 | 2 | 0 | 0 | 20 | 40 | 41.00 | 2 | 2 |
| History - World History | 0 | 2 | 1 | 0 | 15 | 22 | 29.00 | 2 | 2 |
| History - Other History | 0 | 3 | 3 | 0 | 15 | 15 | 32.00 | 2 | 2 |
| History - European History | 0 | 1 | 0 | 0 | 10 | 39 | 39.00 | 0 | 0 |
| Pop Culture | 0 | 1 | 0 | 0 | 10 | 66 | 66.00 | 0 | 0 |
| History - American History | 0 | 1 | 0 | 0 | 10 | 34 | 34.00 | 0 | 1 |
| Science - Biology | 0 | 1 | 0 | 1 | 10 | 97 | 97.00 | 0 | 1 |
| Social Science | 0 | 1 | 1 | 0 | 5 | 49 | 49.00 | 1 | 1 |
| Fine Arts - Other Fine Arts | 0 | 1 | 2 | 0 | 0 | 80 | 80.00 | 0 | 1 |
| Philosophy | 0 | 1 | 3 | 0 | -5 | 57 | 57.00 | 1 | 1 |
| Current Events | 0 | 1 | 3 | 0 | -5 | 50 | 50.00 | 0 | 0 |